Kresťanský robotník ústredný časopis kresť. soc. strany na Slovensku : bojovník spravodlivej budúcnosti robotníctva

Bibliographic Details
Format: Newspaper
Language:Slovak
PhysicalDescription:2 roč. 41 cm
Published: Bratislava Bratislavský kresť. soc. spolok 1919-1920
ISSN:1337-530X
Subjects:

MARC

LEADER 00000cas a2200000 a 4500
001 vtls010298147
003 SK-MaSNL
005 20260228162519.0
008 110809d19191920xo wr ner 0 b0slo
015 |a SNBDS17XX9999 
015 |a 0237  |2 Kipsová 1919-38 
022 |a 1337-530X 
038 |a SNKBUDS 
040 |a SNK  |b slo  |c SNK  |e AACR2 
041 0 |a slo 
044 |a xo  |c SK 
072 7 |a 329  |x Politické strany a hnutia  |2 konspekt 
080 |a 329.1/.6  |2 2011 
080 |a 316.728  |2 2001 
080 |a 329(051)  |2 2011 
210 0 |a Kresť. robot.  |b (Bratisl.) 
222 0 |a Kresťanský robotník  |b (Bratislava) 
245 0 0 |a Kresťanský robotník  |b ústredný časopis kresť. soc. strany na Slovensku : bojovník spravodlivej budúcnosti robotníctva 
260 |a Bratislava  |b Bratislavský kresť. soc. spolok  |c 1919-1920  |f Karol Angermayer 
300 |a 2 roč.  |c 41 cm 
310 |a 1x týždenne 
362 0 |a Roč. I, č. 1 (11. okt.1919)-roč. II, č. 13 (17. apr.1920)  |z BA001 
500 |a Vych. v Bratislave každý týždeň v sobotu 
500 |a Popis podľa č. 10/1919 
500 |a Maj. a vyd. Bratislavský kresť. soc. spolok 
500 |a Tlač. Karol Angermayer, Bratislava ; od 7/1920 Corvin, Nitra 
500 |a Časopis je spracovaný od 11. októbra 1919 do 17. apríla 1920 
650 0 7 |a verejný a spoločenský život  |2 SNKPH  |9 265569 
650 0 7 |a politické strany  |2 SNKPH  |9 3589 
655 7 |a časopisy politických strán a hnutí  |2 SNKPH  |9 237919 
852 |a SNK  |b 10000  |h ČSA 1025 
852 |a UKB  |b 300000  |h SAA 52 
852 |a PANKP  |b 5000000  |h 54 A 1118 
910 |a snk 
999 |c 7982  |d 9912 
952 |0 0  |1 0  |3 č. 10  |4 0  |7 0  |a SNK  |b SNK  |d 2003-03-25  |f 2  |i snkF 1848/79  |l 0  |o snkČSA 1025/1/1919  |p 17A0379137  |r 2005-01-02 00:00:00  |t len č. 10  |w 2026-02-21  |y PREZ 
952 |0 0  |1 0  |3 č. 10  |4 0  |7 0  |8 5  |a SNK  |b SNK  |d 2003-03-25  |f 2  |i snkF 1849/79  |l 0  |o snkČSA 1025/2/1920  |p 17A0379136  |r 2005-01-02 00:00:00  |t len č. 10  |w 2026-02-21  |y PREZ